| 000 | 00387nam a2200145Ia 4500 | ||
|---|---|---|---|
| 008 | 100122s9999 xx 000 0 und d | ||
| 082 |
_b63050 _a823 |
||
| 100 | _aWILLIAMS BOB | ||
| 245 | _aKING MIDAS AND THE GOLDEN TOUCH | ||
| 260 |
_bKOHWAI & YOUNG _c2003 |
||
| 300 | _a16 | ||
| 630 | _aKING MIDAS AND THE GOLDEN TOUCH | ||
| 730 | _aKING MIDAS AND THE GOLDEN TOUCH | ||
| 942 | _cBOOK | ||
| 999 |
_c378896 _d378893 |
||